00724nam a22001937a 4500999001900000005001700019010001500036020002600051035001400077037000900091082001000100100001600110245007100126260004800197270011900245300002100364942002400385952012100409 c186273d18627320220221120130.0 aENG-131706 a9789390869213c299.00 aEN-115238 bDBAD a363.2 aSaraf, V.K. aOn Police And Policing:bRemuniations of an Old Guard/cV.K. Saraf aMaharashtrabVishwakarma Publicationsc2021 a34A/1, Suyog Center, 7th Floor, Gultekadi Marketyard Road, Giridhar Bhavan ChowkbPunee411037minfo@vpindia.co.in a232p.c22cm(pbk) 2ddccENh363.2mSAR 001040718NFICaDBADbMd2022-02-21eDBAD/PUBg299.00l0o363.2 SARpEN-115238r2022-02-21 00:00:00t1v299.00yEN